=LDR 00000nam 2200000 4500 =001 INLIS000000000023401 =005 20201124093143 =035 ##$$a 0010-061300000023401 =008 201124################g##########0#ind## =041 ##$$a Ind =082 ##$$a 320.9 =090 ##$$a 320.9, Hun p =100 1#$$a Huntinngton, Samuel P =245 1#$$a Partisipasi politik di negara berkembang. /$c Samuel P. Huntington, Joan M. Nelson =260 ##$$a Jakarta :$b Rineka cipta,$c 1990 =300 ##$$a x, 239 hlm. ; $c 14 x 21 cm =650 #4$$a Politik =850 ##$$a NBPNMAT =084 ##$$a 320.9 HUN p =250 ##$$a cet.1 =990 ##$$a 55.151/Pro.93 =990 ##$$a 00056103 =990 ##$$a 55.148 pro.93